Normal view
MARC view
- الموازين والمقايسس-اجهزة القياس
Entry Topical Term
001 - CONTROL NUMBER
- control field: 50390
003 - CONTROL NUMBER IDENTIFIER
- control field: JO-AjAnu
005 - DATE AND TIME OF LATEST TRANSACTION
- control field: 20230606082310.0
008 - FIXED-LENGTH DATA ELEMENTS
- fixed length control field: 230606|| aca||aabn | a|a d
040 ## - CATALOGING SOURCE
- Original cataloging agency: JO-AjAnu
- Transcribing agency: JO-AjAnu
150 ## - HEADING--TOPICAL TERM
- Topical term or geographic name entry element: الموازين والمقايسس-اجهزة القياس
670 ## - SOURCE DATA FOUND
- Source citation: Work cat.: (JO-AjAnu)25762: ملحم ، اسامه, author 50389, وحدات القياس: نشاتها وتطورها وتعريبها واستخدامها ومتطالباتهاالقانونيه